000 00803nam a2200217 a 4500
001 16231545
008 181023s2010 ||||||||||||||||| || u
010 _a2010019662
020 _a9781844074570 (hbk.)
020 _a9781844075423 (pbk.)
050 _aHB846 .L56 2010
100 _aMehta, Lyla
245 1 4 _aThe limits to scarcity : contesting the politics of allocation
_cedited by Lyla Mehta.
260 _aLondon ; Washington, DC
_bEarthscan
_c2010
300 _axxvi, 270 p. : ill. ; 25 cm.
650 0 _aWELFARE ECONOMICS
650 0 _aResource allocation
650 0 _aSCARCITY
650 0 _aSUPPLY AND DEMAND
995 _aMEDICAL LIBRARY OPEN ACCESS
_e901517
_FCBU-SCHOOL OF MEDICINE LIBRARY (Ndola)
_jHB 846 Lim
_M1
_UAVAILABLE
_WOct 23, 2018
_y901517
_ZMedical Library Open Access Collection
999 _c31916
_d31916